00729nam a2200229Ia 450000500170000000800410001704000190005804100120007708200190008910000290010824500950013726000270023230000110025950400190027063000180028965000160030765100230032385000100034694200070035699900170036395201190038020160718151426.0131103s9999 xx 000 0 und d aLoreto College aEnglish a822.3bJON-WHE aWheeler, Charles Francis aClassical mythology in the plays,masques, and poems of Ben JonsoncCharles Francis Wheeler aLondonbKennikatc1938 a212p.  aIncludes index aEnglish drama aJonson, Ben aEnglish literature aLCLIB cBK c35940d86419 00102ddc4070aMAINbMAINcPost Graduated2013-11-04l0o822.3 JON-WHE 45670pB38800r2013-11-04w2013-11-04yBK